Don Camilo Pallás Arisa, nuevo jefe del Servicio de Conservación y Catalogación de Monumentos
Colección:
San Jorge,
; núm. 15 (juliol 1954), pàg 109
Materias:
Pallàs i Arisa, Camil, -- 1918-1982
; Barcelona (Catalunya : Província). -- Servei de Catalogació i Conservació de Monuments
Idioma:
Español
MARC
| LEADER | 00000naa a2200000 a 4500 | ||
|---|---|---|---|
| 003 | Arxiu | ||
| 005 | 20260324181023.0 | ||
| 008 | 160829s1954 spc xx s spa c | ||
| 040 | |a AGDB | ||
| 245 | 0 | 0 | |a Don Camilo Pallás Arisa, nuevo jefe del Servicio de Conservación y Catalogación de Monumentos |
| 490 | |a San Jorge, |v núm. 15 (juliol 1954), pàg 109 | ||
| 600 | 1 | 0 | |9 29544 |a Pallàs i Arisa, Camil, |d 1918-1982 |
| 610 | 0 | |9 54088 |a Barcelona (Catalunya : Província). |b Servei de Catalogació i Conservació de Monuments | |
| 773 | |t San Jorge. |g Núm. 15 (juliol 1954), pàg 109 | ||
| 901 | |a Arxiu | ||
| 942 | |n 1 |2 udc |c ART | ||
| 952 | |0 0 |1 0 |4 0 |6 REV509 |7 1 |9 65004 |a Arxiu |b Arxiu |d 2023-01-10 |l 0 |o Rev-509 |r 2023-01-10 00:00:00 |w 2023-01-10 |y ARXIU |z També disponible a Rev-523 | ||
| 999 | |c 43715 |d 43715 | ||